000 00792nam a2200241 i 4500
001 113258
003 ES-MaACL
005 20230906185822.0
007 t|
008 070221s1995 fr ||||1| fre d
020 _a2-07-039330-5
080 _a821.133.1-34"17"(082.2)
245 0 0 _aDom Carlos et autres nouvelles françaises du XVIIe siècle /
_cédition présentée, établie et annotée par Roger Guichermerre.
260 _a[Paris] :
_bGallimard,
_c[1995]
300 _a458 p. ;
_c18 cm.
490 1 _aFolio. Classique
500 _aBiblioteca Jacinto Martínez Lacalle.
650 1 4 _aCuentos franceses-
_yS.XVIII.
_911489
700 1 _aGuichemerre, Roger.
_960648
830 0 _aFolio. Classique
_9233177
852 _aES-MaACL
_jE-11625
_bR.139649
999 _c113258
_d113258